000 01164nam a2200229 i 4500
001 162599
003 ES-MaACL
005 20250719062545.0
008 011024s1895 sp |||| | spa d
110 2 _aPrisión Celular de Madrid.
_9134763
245 1 0 _aMemoria reglamentaria de la Prisión Celular de Madrid correspondiente al año 1893 /
_cescrita por Fernando Cadalso.
260 _aMadrid :
_b[s.n.],
_c1895 (
_fImp. de José Góngora Álvarez)
300 _a45 p. ;
_c24 cm.
610 2 4 _aPrisión Celular de Madrid.
_9134763
650 4 _aEstablecimientos penitenciarios-
_zMadrid.
_9143330
700 1 _aCadalso, Fernando.
_933372
852 _aES-MaACL
_jD-91(6)
_9168718
_bR.FOLL.7/6
_dOlim: 193-C-14
_cSVI
_fSello en tinta en portada: "Donativo del Sr. Lastres al Ateneo de Madrid. 1907"
_xEncuadernación holandesa
_xEncuadernación con otras obras formando un volumne facticio
_hDonación: Lastres y Juiz
_gAnotación manuscrita en portada: "Folletos penitenciarios. T.14"
903 _aLastres y Juiz, Francisco,
_d1848-1918
_q1
_ednr
_970504
942 _2udc
_cFOLLETOS
999 _c162599
_d162599